Wird geladen...

CRPF (Central Reserve Police Force) assistant sub-inspector (steno) recruitment exam 2016 /

Bibliographische Detailangaben
Format: Printed Book
Sprache:English
Veröffentlicht: Meerut: Arihant publications,
Schlagworte:
LEADER 00589 a2200145 4500
008 170515b xxu||||| |||| 00| 0 eng d
999 |c 113852  |d 113852 
020 |a 9789350943410 
082 |a 363.2076 
245 |a CRPF (Central Reserve Police Force) assistant sub-inspector (steno) recruitment exam 2016 / 
260 |b Arihant publications,  |a Meerut: 
300 |c 24cm. 
650 |a Examination  |v CRPF assistant sub-inspector  |x Study guide 
942 |2 ddc  |c REF 
952 |0 0  |1 0  |4 0  |6 363_207600000000000_CRP_C  |7 0  |9 121111  |a UL  |b UL  |c REF  |d 2017-03-21  |e 176  |g 155.40  |l 0  |o 363.2076 CRP C  |p 95751  |r 2017-03-20  |v 210.00  |y REF